Library Banner

Echo made easy / (Record no. 139940)

MARC details
000 -LEADER
fixed length control field 00428nam a22001697a 4500
005 - DATE AND TIME OF LATEST TRANSACTION
control field 20260302115945.0
008 - FIXED-LENGTH DATA ELEMENTS--GENERAL INFORMATION
fixed length control field 260302b |||||||| |||| 00| 0 eng d
020 ## - INTERNATIONAL STANDARD BOOK NUMBER
International Standard Book Number 9780702083600 (pbk)
040 ## - CATALOGING SOURCE
Transcribing agency PK-LaUMT
082 ## - DEWEY DECIMAL CLASSIFICATION NUMBER
Classification number 616.1207543
Item number KAD-E
100 ## - MAIN ENTRY--PERSONAL NAME
Personal name Kaddoura, Sam
245 ## - TITLE STATEMENT
Title Echo made easy /
Statement of responsibility, etc by Sam Kaddoura
250 ## - EDITION STATEMENT
Edition statement 4th ed.
260 ## - PUBLICATION, DISTRIBUTION, ETC. (IMPRINT)
Place of publication, distribution, etc India :
Name of publisher, distributor, etc Elsevier,
Date of publication, distribution, etc 2025
300 ## - PHYSICAL DESCRIPTION
Extent 276 p.
942 ## - ADDED ENTRY ELEMENTS (KOHA)
Koha item type Books
Holdings
Withdrawn status Lost status Damaged status Home library Current library Date acquired Full call number Barcode Date last seen Price effective from Koha item type Copy number
      UMT Health Sciences Campus UMT Health Sciences Campus 2026-03-02 616.1207543 KAD-E 152038 2026-03-02 2026-03-02 Books  
      UMT Health Sciences Campus UMT Health Sciences Campus 2026-03-02 616.1207543 KAD-E 152039 2026-03-02 2026-03-02 Books C.2
      UMT Health Sciences Campus UMT Health Sciences Campus 2026-03-02 616.1207543 KAD-E 152040 2026-03-02 2026-03-02 Books C.3
      UMT Health Sciences Campus UMT Health Sciences Campus 2026-03-02 616.1207543 KAD-E 152041 2026-03-02 2026-03-02 Books C.4
      UMT Health Sciences Campus UMT Health Sciences Campus 2026-03-02 616.1207543 KAD-E 152042 2026-03-02 2026-03-02 Books C.5
      UMT Health Sciences Campus UMT Health Sciences Campus 2026-03-02 616.1207543 KAD-E 152043 2026-03-02 2026-03-02 Books C.6
      UMT Health Sciences Campus UMT Health Sciences Campus 2026-03-02 616.1207543 KAD-E 152044 2026-03-02 2026-03-02 Books C.7
      UMT Health Sciences Campus UMT Health Sciences Campus 2026-03-02 616.1207543 KAD-E 152045 2026-03-02 2026-03-02 Books C.8
      UMT Health Sciences Campus UMT Health Sciences Campus 2026-03-02 616.1207543 KAD-E 152046 2026-03-02 2026-03-02 Books C.9
      UMT Health Sciences Campus UMT Health Sciences Campus 2026-03-02 616.1207543 KAD-E 152047 2026-03-02 2026-03-02 Books C.10